| 000 | 00794nam a2200241Ia 4500 | ||
|---|---|---|---|
| 008 | 191130s2009##################000#0#eng## | ||
| 020 | _a9781845425258 | ||
| 022 | _a2009922751 | ||
| 040 |
_aACL _cACL |
||
| 082 | _a332.1091767 VIS | ||
| 100 | _aVisser, H | ||
| 245 |
_aIslamic finance : principles and practice _cHans Visser |
||
| 260 |
_aCheltenham, UK ; Northampton, MA _bEdward Elgar _c2009 |
||
| 300 | _axi, 184 p. ; 24 cm | ||
| 500 | _aIncludes bibliographical references and index | ||
| 650 | _aBanks and banking - Islamic countries | ||
| 650 | _aBanks and banking - Religious aspects - Islam | ||
| 650 | _aFinance - Islamic countries | ||
| 650 | _aFinance - Religious aspects - Islam | ||
| 990 | _a38dbd2acac10000c726d6149a292411a | ||
| 991 | _a155182 | ||
| 999 |
_c221465 _d221465 |
||